Kompletní průvodce operačním systémem Microsoft Windows XP
Gespeichert in:
| 1. Verfasser: | |
|---|---|
| Weitere Verfasser: | |
| Format: | Buch |
| Sprache: | Tschechisch |
| Veröffentlicht: |
Praha
SoftPress
2003
|
| Schlagworte: | |
| Tags: |
Keine Tags, Fügen Sie das erste Tag hinzu!
|
MARC
| LEADER | 00000nam$a2200000$$$4500 | ||
|---|---|---|---|
| 001 | 0035367 | ||
| 005 | 20240315114517.6 | ||
| 020 | |a 80-86497-28-3 | ||
| 041 | 0 | |a cze | |
| 044 | |a CZ | ||
| 245 | 1 | 0 | |a Kompletní průvodce operačním systémem Microsoft Windows XP |c Peter Norton ; překlad: Ondřej Šustáček |
| 264 | 1 | |a Praha |b SoftPress |c 2003 | |
| 300 | |a 744 s. | ||
| 610 | 2 | 0 | |a systémy operačné |
| 610 | 2 | 0 | |a softvér |
| 610 | 2 | 0 | |a siete počítačové |
| 610 | 2 | 0 | |a programy počítačové |
| 610 | 2 | 0 | |a hardvér |
| 610 | 2 | 0 | |a využitie počítačov |
| 610 | 2 | 0 | |a multimédiá |
| 610 | 2 | 0 | |a grafika počítačová |
| 610 | 2 | 0 | |a internet |
| 610 | 2 | 0 | |a Microsoft Windows XP |
| 100 | 1 | |a Norton, Peter | |
| 700 | 1 | |a Šustáček, Ondřej | |